Southville International School and Colleges
Your cart is empty.
  • Cart
  • Lists
    Public lists Eva Luna New books Lux_list list_1
    Your lists Log in to create your own lists
  • Log in to your account
  • Your cookies
  • Search history
Southville International School and Colleges
  • Advanced search
  • Recent comments
  • Most popular
  • Libraries

Log in to your account

Log in with GOOGLE


If you do not have an external account, but do have a local account, you can still log in:

  1. Home
  2. MARC view: The laws of charisma :
Normal view MARC view ISBD view

The laws of charisma : (Record no. 24411)

[ view plain ]
MARC details
000 -LEADER
fixed length control field 00585nam a2200181 a 4500
005 - DATE AND TIME OF LATEST TRANSACTION
control field 20140310183521.0
008 - FIXED-LENGTH DATA ELEMENTS--GENERAL INFORMATION
fixed length control field 111018s19uu xx 00 eng d
020 ## - INTERNATIONAL STANDARD BOOK NUMBER
International Standard Book Number 0814415911
050 ## - LIBRARY OF CONGRESS CALL NUMBER
Classification number BF 698.35.C45
Item number .M67 2011
100 ## - MAIN ENTRY--PERSONAL NAME
Personal name Mortensen, Kurt W.
245 ## - TITLE STATEMENT
Title The laws of charisma :
Remainder of title how to captivate, inspire, and influence for maximum success /
Statement of responsibility, etc Kurt W. Mortensen.
260 ## - PUBLICATION, DISTRIBUTION, ETC. (IMPRINT)
Place of publication, distribution, etc New York :
Name of publisher, distributor, etc American Management Association,
Date of publication, distribution, etc 2011.
300 ## - PHYSICAL DESCRIPTION
Extent 214 p. :
Dimensions 24 cm.
650 ## - SUBJECT ADDED ENTRY--TOPICAL TERM
Topical term or geographic name as entry element Charisma (Personality trait)
650 ## - SUBJECT ADDED ENTRY--TOPICAL TERM
Topical term or geographic name as entry element Success
942 ## - ADDED ENTRY ELEMENTS (KOHA)
Koha item type Books
Source of classification or shelving scheme Library of Congress Classification
Call number prefix Foreign
Holdings
Withdrawn status Lost status Source of classification or shelving scheme Damaged status Home library Current library Shelving location Date acquired Source of acquisition Cost, normal purchase price Total Checkouts Total Renewals Full call number Barcode Date last seen Date checked out Copy number Price effective from Koha item type
    Library of Congress Classification   College Library College Library General Circulation Section 10/18/2011 Donation 1537.00 5 29 BF 698.35.C45 .M67 2011 C12399 05/15/2018 02/02/2018 1 10/18/2013 Books

The laws of charisma :

APA

Mortensen K. W., . (2011). The laws of charisma. New York: American Management Association.

Chicago

Mortensen Kurt W, . 2011. The laws of charisma. New York: American Management Association.

Harvard

Mortensen K. W., . (2011). The laws of charisma. New York: American Management Association.

MLA

Mortensen Kurt W, . The laws of charisma. New York: American Management Association. 2011.

  • Place hold
  • Print
  • Cite
  • Add to your cart (remove)
  • Save record
    BIBTEX Dublin Core MARCXML MARC (non-Unicode/MARC-8) MARC (Unicode/UTF-8) MARC (Unicode/UTF-8, Standard) MODS (XML) RIS
  • More searches
    Search for this title in:
    Other Libraries (WorldCat) Other Databases (Google Scholar) Online Stores (Bookfinder.com) Open Library (openlibrary.org)

Exporting to Dublin Core...

SOUTHVILLE LIBRARY

Southville International School and Colleges Library

1281 Tropical Ave. Cor. Luxembourg St., BF Homes International, Las Pinas City

Tel. No. 8256374 / 252358 Loc. 117/146

Powered by Koha